000 00485nam a22001577a 4500
008 220526b |||||||| |||| 00| 0 eng d
020 _a0471175226
050 _aLC205
_b.C67 1974
100 _aCorwin, Ronald G.
245 _aEducation in crisis
_ba sociological analysis of schools and universities in transition/
_cRonald G. Corwin
260 _aNew York
_bJohn Wiley
_c1974
300 _axii, 380p.
650 _aEducational sociology
650 _aEducation
942 _2lcc
_cBK
999 _c19324
_d19323